| 000 | 00389pab a2200145 454500 | ||
|---|---|---|---|
| 008 | 180718b1987 xxu||||| |||| 00| 0 eng d | ||
| 100 | _aHalpern, Manfred | ||
| 245 |
_aChoosing between ways of life and death and between forms of democracy _bAnd archetypal analysis |
||
| 260 | _c1987 | ||
| 300 | _a5-35 | ||
| 362 | _aJan. | ||
| 650 | _aDemocracy | ||
| 773 | _aAlternatives | ||
| 909 | _a7168 | ||
| 999 |
_c7168 _d7168 |
||